00639nam a2200193Ia 4500003000900000008004100009020001800050040001600068080001600084100002800100245006600128260003500194300001000229650004100239650002300280942000700303999001500310952012000325IN-BaIIA211028s9999 xx 000 0 eng d a0-12-085150-4 cIIA Library a535.33bBEL aBell, Robert John97336 0aIntroductory fourier transform spectroscopycRobert John Bell aNew YorkbAcademic Pressc1972 a382p. aAstronomy and Astrophysics Thesaurus aSpectroscopy91535 cBK c4171d4171 00104070aBANbBANcGENd1973-04-18g148.20l0o535.33/ BELp4655r2021-11-05v148.20w1973-04-18yBKGRs. 148.20